Datum a čas kvízu
31.5
Celkem bodů
Celkový počet nahraných bodů na tomto kvízu bez doplňovacích otázek.
5.
Pořadí na kvízu
Konečné umístění týmu na tomto kvízu.
Zaznamenané odpovědi
| # | Otázka | Odpověď | Body | Výsledky |
|---|---|---|---|---|
| 1. | Minulý týden byly vyhlášeny vý... | Pavel Pafko | 0 | |
| 2. | V sousedním Rakousku před něko... | Sebastian Kurz | 1 | |
| 3. | V pražském Národním divadle se... | Zdeněk Svěrák | 1 | |
| 4. | Tento muž dělal 10 let šéfdesi... | Jozef Kabaň | 1 | |
| 5. | Minulý týden ukončila biatlono... | Anastasia Kuzminová | 1 | |
| 6. | Napíšete-li název afghánské le... | Bagrám | 0 | |
| 7. | Jak se jmenuje současný náčeln... | Aleš Opata | 0 | |
| 8. | Jak se nazývá město, u něhož s... | Náměšť nad Oslavou | 1 | |
| 9. | Jednou z prvních zahraničních... | Kosovo | 1 | |
| 10. | Napište název tohoto víceúčelo... | Pandur | 0 |